European Countries by Flags - Statistics

General Stats
  • This quiz has been taken 40 times
  • The average score is 37 of 45
Answer Stats
Picture Answer % Correct
Belgium
97%
France
94%
Bosnia and Herzegovina
91%
Finland
91%
Germany
91%
Greece
91%
Ireland
91%
Austria
88%
Czechia
88%
Denmark
88%
Italy
88%
Switzerland
88%
Belarus
85%
Estonia
85%
Iceland
85%
Latvia
85%
Poland
85%
Russia
85%
Spain
85%
UK
85%
Ukraine
85%
Croatia
82%
Liechtenstein
82%
Netherlands
82%
Norway
82%
Slovakia
82%
Sweden
82%
Bulgaria
79%
Cyprus
79%
Kosovo
79%
Luxembourg
79%
Portugal
79%
Slovenia
79%
Andorra
76%
Hungary
76%
Malta
76%
North Macedonia
76%
Romania
76%
Serbia
76%
Vatican City
76%
Monaco
70%
Moldova
67%
San Marino
67%
Lithuania
64%
Montenegro
61%
No matching quizzes found
Score Distribution
Percent of People with Each Score
Percentile by Number Answered
Your Score History
You have not taken this quiz